| 000 | 00910cab a2200253 4500 | ||
|---|---|---|---|
| 001 | ABS48746 | ||
| 008 | 090401t1993 xxu||||| |||| 00| 0 eng d | ||
| 035 | _a(Sirsi) u68389 | ||
| 041 | _aeng | ||
| 100 | _aBurton, I. | ||
| 245 | _aDrivers under the influence of planning patterns | ||
| 260 | _c1993 | ||
| 350 | _a0 | ||
| 490 |
_aPlanning (for the Natural and Built Environment) _v(1017) 7 May 1993, 14-15(2) |
||
| 520 | _aSummarises draft PPG13 on transport and land use and how it hopes to influence the need to travel and choice of modes. Includes a checklist of planning policies to influence travel demand for different purposes. | ||
| 650 | _aGOVERNMENT POLICY | ||
| 650 | _aPLANNING POLICY GUIDANCE NOTE 13 | ||
| 650 | _aPUBLIC TRANSPORT | ||
| 650 | _aROAD PRICING | ||
| 690 | _aPLANNING LAW AND PRACTICE | ||
| 690 | _aTRANSPORT AND COMMUNICATIONS | ||
| 942 | _n0 | ||
| 948 | _c04/03/1997 | ||
| 999 |
_c42908 _d42908 |
||